中国地级行政区Prefecture-Level Regions in China - Statistics

General Stats
  • This quiz has been taken 67 times
  • The average score is 208 of 333
Answer Stats
答案 % Correct
石家庄市
88%
苏州市
88%
合肥市
88%
大连市
85%
南京市
85%
连云港市
85%
济南市
85%
淄博市
85%
武汉市
85%
沈阳市
83%
哈尔滨市
83%
齐齐哈尔市
83%
扬州市
83%
杭州市
83%
南昌市
83%
青岛市
83%
成都市
83%
长春市
80%
宁波市
80%
温州市
80%
福州市
80%
郑州市
80%
洛阳市
80%
广州市
80%
深圳市
80%
乌鲁木齐市
80%
呼和浩特市
78%
锦州市
78%
吉林市
78%
徐州市
78%
厦门市
78%
赣州市
78%
烟台市
78%
威海市
78%
昆明市
78%
拉萨市
78%
银川市
78%
保定市
75%
黑河市
75%
无锡市
75%
常州市
75%
镇江市
75%
泉州市
75%
景德镇市
75%
潍坊市
75%
海口市
75%
攀枝花市
75%
贵阳市
75%
张家口市
73%
太原市
73%
延边朝鲜族自治州
73%
南通市
73%
淮安市
73%
盐城市
73%
嘉兴市
73%
绍兴市
73%
金华市
73%
舟山市
73%
淮南市
73%
淮北市
73%
黄山市
73%
莆田市
73%
九江市
73%
枣庄市
73%
德州市
73%
驻马店市
73%
长沙市
73%
汕头市
73%
南宁市
73%
西安市
73%
兰州市
73%
西宁市
73%
唐山市
70%
秦皇岛市
70%
邯郸市
70%
湖州市
70%
马鞍山市
70%
龙岩市
70%
东营市
70%
开封市
70%
南阳市
70%
荆州市
70%
湛江市
70%
三亚市
70%
六盘水市
70%
承德市
68%
沧州市
68%
衡水市
68%
大同市
68%
包头市
68%
赤峰市
68%
通辽市
68%
鞍山市
68%
辽阳市
68%
泰州市
68%
衢州市
68%
芜湖市
68%
安庆市
68%
三明市
68%
漳州市
68%
南平市
68%
日照市
68%
聊城市
68%
安阳市
68%
三门峡市
68%
襄阳市
68%
珠海市
68%
东莞市
68%
潮州市
68%
桂林市
68%
遵义市
68%
武威市
68%
廊坊市
65%
鄂尔多斯市
65%
阿拉善盟
65%
丹东市
65%
铁岭市
65%
鹤岗市
65%
大庆市
65%
大兴安岭地区
65%
宿迁市
65%
台州市
65%
蚌埠市
65%
济宁市
65%
菏泽市
65%
宜昌市
65%
株洲市
65%
张家界市
65%
佛山市
65%
宜宾市
65%
丽江市
65%
那曲市
65%
固原市
65%
喀什地区
65%
乌海市
63%
呼伦贝尔市
63%
兴安盟
63%
盘锦市
63%
葫芦岛市
63%
双鸭山市
63%
伊春市
63%
丽水市
63%
铜陵市
63%
滁州市
63%
鹰潭市
63%
宜春市
63%
濮阳市
63%
黄石市
63%
十堰市
63%
荆门市
63%
黄冈市
63%
郴州市
63%
肇庆市
63%
惠州市
63%
中山市
63%
云浮市
63%
柳州市
63%
防城港市
63%
自贡市
63%
黔南布依族苗族自治州
63%
西双版纳傣族自治州
63%
延安市
63%
酒泉市
63%
吐鲁番市
63%
和田地区
63%
邢台市
60%
晋城市
60%
晋中市
60%
运城市
60%
鸡西市
60%
佳木斯市
60%
七台河市
60%
牡丹江市
60%
阜阳市
60%
宿州市
60%
宁德市
60%
抚州市
60%
上饶市
60%
泰安市
60%
临沂市
60%
滨州市
60%
鹤壁市
60%
新乡市
60%
商丘市
60%
周口市
60%
恩施土家族苗族自治州
60%
江门市
60%
汕尾市
60%
百色市
60%
绵阳市
60%
铜仁市
60%
黔西南布依族苗族自治州
60%
黔东南苗族侗族自治州
60%
林芝市
60%
阿里地区
60%
宝鸡市
60%
榆林市
60%
嘉峪关市
60%
张掖市
60%
玉树藏族自治州
60%
海西蒙古族藏族自治州
60%
石嘴山市
60%
巴音郭楞蒙古自治州
60%
阿勒泰地区(属伊犁哈萨克自治州)
60%
吕梁市
58%
锡林郭勒盟
58%
抚顺市
58%
本溪市
58%
四平市
58%
白山市
58%
松原市
58%
六安市
58%
亳州市
58%
吉安市
58%
平顶山市
58%
漯河市
58%
信阳市
58%
随州市
58%
湘潭市
58%
衡阳市
58%
益阳市
58%
永州市
58%
湘西土家族苗族自治州
58%
韶关市
58%
梅州市
58%
揭阳市
58%
三沙市
58%
泸州市
58%
广元市
58%
凉山彝族自治州
58%
大理白族自治州
58%
日喀则市
58%
咸阳市
58%
汉中市
58%
海南藏族自治州
58%
果洛藏族自治州
58%
吴忠市
58%
中卫市
58%
哈密市
58%
伊犁哈萨克自治州
58%
长治市
55%
乌兰察布市
55%
营口市
55%
阜新市
55%
朝阳市
55%
宣城市
55%
萍乡市
55%
焦作市
55%
许昌市
55%
岳阳市
55%
常德市
55%
河源市
55%
阳江市
55%
清远市
55%
梧州市
55%
北海市
55%
钦州市
55%
玉林市
55%
儋州市
55%
广安市
55%
雅安市
55%
阿坝藏族羌族自治州
55%
毕节市
55%
曲靖市
55%
普洱市
55%
昌都市
55%
金昌市
55%
白银市
55%
天水市
55%
陇南市
55%
甘南藏族自治州
55%
海东市
55%
忻州市
53%
巴彦淖尔市
53%
辽源市
53%
白城市
53%
池州市
53%
新余市
53%
鄂州市
53%
孝感市
53%
邵阳市
53%
怀化市
53%
茂名市
53%
乐山市
53%
达州市
53%
甘孜藏族自治州
53%
安顺市
53%
保山市
53%
红河哈尼族彝族自治州
53%
怒江傈僳族自治州
53%
山南市
53%
铜川市
53%
海北藏族自治州
53%
阳泉市
50%
临汾市
50%
通化市
50%
绥化市
50%
贺州市
50%
崇左市
50%
内江市
50%
南充市
50%
资阳市
50%
德宏傣族景颇族自治州
50%
渭南市
50%
商洛市
50%
庆阳市
50%
塔城地区(属伊犁哈萨克自治州)
50%
朔州市
48%
咸宁市
48%
眉山市
48%
巴中市
48%
玉溪市
48%
昭通市
48%
楚雄彝族自治州
48%
迪庆藏族自治州
48%
安康市
48%
克拉玛依市
48%
娄底市
45%
德阳市
45%
遂宁市
45%
临沧市
45%
文山壮族苗族自治州
45%
平凉市
45%
黄南藏族自治州
45%
贵港市
43%
河池市
43%
来宾市
43%
昌吉回族自治州
43%
阿克苏地区
43%
定西市
40%
临夏回族自治州
40%
博尔塔拉蒙古自治州
40%
克孜勒苏柯尔克孜自治州
40%
No matching quizzes found
Score Distribution
Percent of People with Each Score
Percentile by Number Answered
Your Score History
You have not taken this quiz